000 00362nam a22001577a 4500
003 MACL
005 20151118150928.0
008 151118b xxu||||| |||| 00| 0 eng d
040 _cMACL
041 _aEnglish
082 _a954/GOK
100 _aGokhale,Nitin A,
_917480
245 _aSri Lanka from War to Peace
650 _aHistory
_917481
942 _2ddc
_cBK
999 _c50689
_d50689